[Event "AUTO-ADV-209"]
[Site "http://www.queenalice.com/game.php?id=141628"]
[Date "2006.12.14"]
[Round "2"]
[White "joaoreis001"]
[Black "alisonkarina"]
[Result "0-1"]
[WhiteElo "1494"]
[BlackElo "1755"]

1. e4 c5 2. Bc4 Nf6 3. Nc3 e6 4. e5 Ng4 5. Qxg4 Nc6 6. a3 Nxe5 7. Qe2 Nxc4 8.
Qxc4 d5 9. Qf4 Bd6 10. Qa4+ Bd7 11. Qb3 Qa5 12. a4 c4 13. Qa2 O-O 14. Nf3 e5 15.
b3 e4 16. Nd4 Be5 17. bxc4 Bxd4 18. Bb2 dxc4 19. Qxc4 Qb6 20. O-O Be6 21. Qb5
Qxb5 22. axb5 Rfd8 23. Na4 Bxb2 24. Nxb2 Rxd2 25. Rac1 Rad8 26. h3 f5 0-1

[Event "AUTO-ADV-209"]
[Site "http://www.queenalice.com/game.php?id=141629"]
[Date "2006.12.14"]
[Round "2"]
[White "alisonkarina"]
[Black "joaoreis001"]
[Result "1-0"]
[WhiteElo "1758"]
[BlackElo "1655"]

1. e4 e5 2. Nf3 Nc6 3. Bb5 a6 4. Ba4 b5 5. Bb3 Bb7 6. O-O h6 7. d3 Nf6 8. Nc3
Bb4 9. a4 Na7 10. Nxe5 d6 11. Nxf7 Qd7 12. Nxh8 g5 13. Nf7 Kf8 14. Nxh6 Re8 15.
Qf3 Qg7 16. Ng8 Nc6 17. Nxf6 Ne5 18. Nh7+ Ke7 19. Qf5 Nf7 20. Bxf7 Qxf7 21.
Bxg5+ Qf6 22. Bxf6+ Kf7 23. Qh5+ Kg8 24. Qg6# 1-0

[Event "Challenge"]
[Site "http://www.queenalice.com/game.php?id=142924"]
[Date "2006.12.18"]
[Round "-"]
[White "alisonkarina"]
[Black "Tlaloc2k"]
[Result "1-0"]
[WhiteElo "1652"]
[BlackElo "1435"]

1. e4 e5 2. Nf3 Nc6 3. Bb5 d6 4. O-O Bd7 5. d3 h6 6. Nc3 Nf6 7. d4 Be7 8. d5 Nd4
9. Be3 Nxb5 10. Ne2 Nxe4 11. c4 Nd4 12. Nfxd4 exd4 13. Qxd4 Nf6 14. f3 c5 15.
Qf4 g5 16. Qg3 Nh5 17. Qf2 Bf6 18. Rae1 Bxb2 19. f4 gxf4 20. Bxf4 Nxf4 21. Qxf4
Qe7 22. Qg3 Be5 23. Qb3 b6 24. Nf4 O-O-O 25. Nd3 Qg5 26. Nxe5 Rhg8 27. Qb2 f6
28. Nf7 Qg7 29. Nxd8 Bh3 30. Ne6 Qxg2+ 31. Qxg2 Rxg2+ 32. Kh1 f5 33. Rf3 1-0

[Event "Revanche?"]
[Site "http://www.queenalice.com/game.php?id=144932"]
[Date "2006.12.22"]
[Round "-"]
[White "Meckerkopp"]
[Black "alisonkarina"]
[Result "0-1"]
[WhiteElo "1833"]
[BlackElo "1708"]

1. e4 c5 2. Nc3 e5 3. Nf3 d6 4. Bc4 Be7 5. Bb5+ Nc6 6. h3 a6 7. Bxc6+ bxc6 8.
Na4 Nf6 9. d3 O-O 10. Bd2 Be6 11. Qe2 Qb8 12. b3 Bd8 13. O-O Bc7 14. c4 h6 15.
Rfb1 Qe8 16. Ne1 Nh7 17. g4 Qe7 18. Ng2 Ng5 19. Bxg5 Qxg5 20. Rf1 Rab8 21. f4
exf4 22. Rxf4 d5 23. h4 Qe5 24. Raf1 g5 25. hxg5 hxg5 26. R4f3 Bxg4 27. Nxc5
dxe4 28. Nxe4 f5 29. Qe3 Qh2+ 30. Kf2 fxe4 31. Qxg5+ Kh8 32. Qxg4 Rxf3+ 33. Ke2
Bg3 34. Rxf3 Qxg2+ 35. Ke3 Qg1+ 36. Kxe4 Re8+ 37. Kf5 Qc5+ 38. Kf6 Qe7+ 39. Kf5
Rf8+ 0-1

[Event "pro ano"]
[Site "http://www.queenalice.com/game.php?id=145150"]
[Date "2006.12.22"]
[Round "-"]
[White "alisonkarina"]
[Black "marlon2006"]
[Result "1-0"]
[WhiteElo "1637"]
[BlackElo "1611"]

1. e4 e5 2. Nf3 Nc6 3. Bb5 Nf6 4. O-O Bc5 5. c3 d6 6. d4 exd4 7. cxd4 Bb4 8. a3
Ba5 9. Qa4 Bd7 10. d5 a6 11. Bxc6 Bb6 12. Bxd7+ Qxd7 13. Qc4 O-O 14. Nc3 Rfe8
15. Bg5 Ng4 16. h3 Ne5 17. Qe2 Rac8 18. Nxe5 Rxe5 19. Be3 c5 20. dxc6 Rxc6 21.
Bxb6 Rxb6 22. Rad1 h6 23. f4 Re8 24. Rf3 Qc6 25. Nd5 Qc5+ 26. Kh1 Rc6 27. Rg3
Kh8 28. Qg4 g6 29. f5 g5 30. Qh5 Kg7 31. f6+ Kg8 32. Rxg5+ Kh7 33. Qxf7+ Kh8 34.
Qg7# 1-0

[Event "again?"]
[Site "http://www.queenalice.com/game.php?id=149627"]
[Date "2007.1.3"]
[Round "-"]
[White "alisonkarina"]
[Black "mohsinraza"]
[Result "0-1"]
[WhiteElo "1761"]
[BlackElo "1339"]

1. e4 e5 2. Nf3 Nc6 3. Bb5 b6 4. Nc3 Bb7 5. d3 Bb4 6. Bxc6 Bxc6 7. Nxe5 Qf6 8.
Nf3 Bxc3+ 9. bxc3 Qxc3+ 10. Bd2 Qc5 11. O-O Nf6 12. e5 Nd5 13. c4 Ne7 14. a3 O-O
15. Bb4 Bxf3 16. Qxf3 Qxe5 17. Rae1 Qb2 18. Rxe7 a5 19. Rfe1 axb4 20. Qxa8 g6
21. Re8 Rxe8 22. Qxe8+ Kg7 23. g4 bxa3 24. Re7 Qb1+ 25. Kg2 Qxd3 26. Qxf7+ Kh6
27. h3 a2 28. Re1 Qb1 29. h4 a1=Q 30. Qf8+ Qg7 31. Qf4+ g5 32. hxg5+ Qxg5 0-1

[Event "eu de novo"]
[Site "http://www.queenalice.com/game.php?id=150657"]
[Date "2007.1.6"]
[Round "-"]
[White "alisonkarina"]
[Black "marlon2006"]
[Result "1-0"]
[WhiteElo "1659"]
[BlackElo "1596"]

1. e4 e5 2. c4 Nc6 3. a3 Bc5 4. b4 Bd4 5. Nc3 Nf6 6. b5 Nxe4 7. Nxe4 Bxa1 8.
bxc6 bxc6 9. Nc5 d6 10. Nb3 Bd4 11. Nxd4 exd4 12. Nf3 c5 13. Qe2+ Be6 14. Qe4
O-O 15. Bd3 g6 16. Qf4 Qe7 17. O-O Rab8 18. Re1 Qd7 19. Ng5 Qa4 20. Qh4 Kg7 21.
Qxh7+ Kf6 22. Rxe6+ fxe6 23. Qxg6+ Ke7 24. Qg7+ Ke8 25. Bg6+ Rf7 26. Qxf7+ Kd8
27. Nxe6+ Kc8 28. Qxc7# 1-0

[Event "Revanche Minha"]
[Site "http://www.queenalice.com/game.php?id=151200"]
[Date "2007.1.7"]
[Round "-"]
[White "claudiocaire"]
[Black "alisonkarina"]
[Result "0-1"]
[WhiteElo "1554"]
[BlackElo "1698"]

1. e4 c5 2. Bc4 Nf6 3. Qf3 Nc6 4. Qf4 d5 5. exd5 Nd4 6. Na3 Nxd5 7. Bxd5 Qxd5 8.
f3 Bf5 9. Kd1 e6 10. Nh3 Bd6 11. Qe3 Bxh3 12. gxh3 Nxf3 13. Rf1 Nxh2 14. Rg1 O-O
15. Qc3 Qh5+ 16. Ke1 Be5 17. Qxc5 Nf3+ 18. Kf1 Qxh3+ 19. Rg2 Bd4 20. Qc4 Nh2+
21. Ke2 Qf3+ 22. Ke1 Qxg2 23. d3 Qf1+ 24. Kd2 Nf3# 0-1

[Event "Challenge"]
[Site "http://www.queenalice.com/game.php?id=151661"]
[Date "2007.1.8"]
[Round "-"]
[White "alisonkarina"]
[Black "charles31"]
[Result "1-0"]
[WhiteElo "1684"]
[BlackElo "1634"]

1. e4 e5 2. Nf3 d6 3. d4 Bg4 4. dxe5 Bxf3 5. Qxf3 dxe5 6. Qb3 b6 7. Bb5+ c6 8.
Bc4 Qe7 9. Be3 Nf6 10. Nd2 c5 11. Bd5 Nxd5 12. Qxd5 Qc7 13. Qxa8 Be7 14. Nf3 h6
15. Qd5 Bd6 16. O-O-O Ke7 17. Nh4 g6 18. Qd2 h5 19. Qd5 Rg8 20. Bg5+ Ke8 21.
Qxd6 Qxd6 22. Rxd6 f5 23. Rhd1 Kf7 24. R1d5 Re8 25. Nxg6 fxe4 26. Nxe5+ Kg7 27.
Nd7 Nxd7 28. Rxd7+ Kg6 29. R7d6+ Kf7 30. Bh6 Re6 31. Rxe6 Kxe6 32. Rxh5 c4 33.
g4 a6 34. Be3 b5 35. Rh6+ 1-0

[Event "hehe"]
[Site "http://www.queenalice.com/game.php?id=152109"]
[Date "2007.1.10"]
[Round "-"]
[White "alisonkarina"]
[Black "marlon2006"]
[Result "1-0"]
[WhiteElo "1672"]
[BlackElo "1583"]

1. e4 e5 2. Nf3 d6 3. d4 exd4 4. Nxd4 c5 5. Nf3 Bg4 6. Nc3 Nf6 7. h3 Bh5 8. Bf4
Qa5 9. Bb5+ Nc6 10. Qe2 Be7 11. O-O-O O-O 12. g4 Bg6 13. Bxc6 bxc6 14. Nh4 Bxe4
15. g5 Nd5 16. Qxe4 Rfe8 17. Nxd5 Bxg5 18. Qf3 Bxh4 19. Nc3 d5 20. Rhg1 d4 21.
Rxg7+ Kxg7 22. Qg4+ Kh8 23. Qxh4 dxc3 24. Qf6+ Kg8 25. Rg1+ Kf8 26. Bh6# 1-0

[Event "later"]
[Site "http://www.queenalice.com/game.php?id=152110"]
[Date "2007.1.10"]
[Round "-"]
[White "alisonkarina"]
[Black "Tlaloc2k"]
[Result "1-0"]
[WhiteElo "1765"]
[BlackElo "1460"]

1. e4 e5 2. Nf3 Nc6 3. Bb5 Bc5 4. O-O Nf6 5. Nc3 a6 6. Ba4 Nd4 7. Nxe5 b5 8. Bb3
O-O 9. Nd3 d6 10. Nxc5 dxc5 11. d3 a5 12. e5 a4 13. Bd5 Nxd5 14. Be3 Nxe3 15.
fxe3 Nf5 16. Qf3 Be6 17. e4 Nd4 18. Qh5 Nxc2 19. Rad1 Ne3 20. Nxb5 Nxf1 21. Rxf1
c4 22. d4 c6 23. Nd6 g6 24. Qh6 a3 25. Qd2 Qa5 26. Qf2 axb2 27. Qxb2 Qxa2 28.
Qb6 c3 29. Qxc6 c2 30. d5 Ra6 31. Qc5 Qb2 32. dxe6 Qb1 33. exf7+ Rxf7 34. Qc8+
Rf8 35. Qxf8# 1-0

[Event "outra"]
[Site "http://www.queenalice.com/game.php?id=152916"]
[Date "2007.1.11"]
[Round "-"]
[White "alisonkarina"]
[Black "marlon2006"]
[Result "1-0"]
[WhiteElo "1756"]
[BlackElo "1571"]

1. e4 c5 2. Bc4 Nc6 3. Nf3 Nf6 4. d3 h6 5. O-O e6 6. Re1 Be7 7. e5 Nd4 8. Nxd4
cxd4 9. exf6 Bxf6 10. Qf3 O-O 11. Bf4 Bg5 12. Bd6 Be7 13. Qf4 Re8 14. Bxe7 Qxe7
15. Qxd4 Qb4 16. Nc3 Qe7 17. Nb5 d5 18. Bb3 a6 19. Nc3 Bd7 20. Re3 Bc6 21. Rg3
f6 22. Qg4 g5 23. Re1 f5 24. Qh5 Kg7 25. Rh3 Rh8 26. Nxd5 Bxd5 27. Bxd5 Qb4 28.
Rxe6 Qd2 29. Re7+ Kf8 30. Qf7# 1-0

[Event "Challenge"]
[Site "http://www.queenalice.com/game.php?id=155428"]
[Date "2007.1.17"]
[Round "-"]
[White "claudiocaire"]
[Black "alisonkarina"]
[Result "0-1"]
[WhiteElo "1541"]
[BlackElo "1748"]

1. c3 Nf6 2. Qb3 d5 3. e3 e5 4. Nf3 e4 5. Ne5 Bd6 6. Nxf7 Kxf7 7. Na3 c6 8. Be2
Nbd7 9. O-O Qc7 10. g3 Ne5 11. d4 exd3 12. Bf3 Nxf3+ 13. Kg2 Qd7 14. Kxf3 Qg4+
15. Kg2 Qh3+ 16. Kg1 Ng4 17. Rd1 Nxh2 18. f4 Qxg3+ 19. Kh1 Bg4 20. Qc2 Bf3+ 0-1

[Event "Challenge"]
[Site "http://www.queenalice.com/game.php?id=155496"]
[Date "2007.1.18"]
[Round "-"]
[White "charles31"]
[Black "alisonkarina"]
[Result "1-0"]
[WhiteElo "1573"]
[BlackElo "1782"]

1. e4 c5 2. d4 cxd4 3. Nf3 Nc6 4. Nxd4 Nf6 5. Nxc6 bxc6 6. e5 Ne4 7. f4 e6 8.
Bd3 d5 9. Bxe4 dxe4 10. Qxd8+ Kxd8 11. Be3 f5 12. Nd2 Ba6 13. O-O-O Kc7 14. Nb3
Bc4 15. Rd2 Bxb3 16. cxb3 Bb4 17. Rd4 Bc5 18. Rhd1 Bxd4 19. Rxd4 Rhd8 20. Kc2
Rxd4 21. Bxd4 Rd8 22. Kc3 Kb8 23. Kc4 g5 24. g3 gxf4 25. gxf4 Rg8 26. a4 Rg4 27.
Be3 Rh4 28. Kc5 Kb7 29. b4 Rxh2 30. Bd4 Rc2+ 31. Kd6 Rc4 32. Bc3 h5 33. Kxe6 h4
34. Kd6 h3 35. e6 Kc8 36. e7 h2 37. e8=Q+ Kb7 38. Qh5 c5 39. bxc5 Rxa4 40. Qxh2
Ra6+ 41. Kd5 Kc7 42. Qh7+ Kd8 43. Qxf5 1-0

[Event "Challenge"]
[Site "http://www.queenalice.com/game.php?id=155497"]
[Date "2007.1.18"]
[Round "-"]
[White "alisonkarina"]
[Black "charles31"]
[Result "1-0"]
[WhiteElo "1769"]
[BlackElo "1584"]

1. e4 e5 2. Nf3 f6 3. Nc3 c6 4. d4 exd4 5. Nxd4 Bc5 6. Nf5 d5 7. Nxg7+ Ke7 8.
exd5 Bb4 9. Qe2+ Kf7 10. Ne6 Qd6 11. Bf4 Bxc3+ 12. bxc3 Qxd5 13. Nc7 Qf5 14.
Qe8+ Kg7 15. Bc4 Nh6 16. Qe7+ Kg6 17. Bd3 Qxd3 18. cxd3 Bf5 19. h4 Bg4 20. h5+
Bxh5 21. Nxa8 Nf5 22. Qe4 Rg8 23. Rxh5 Kxh5 24. Qxf5+ Rg5 25. Qxh7+ Kg4 26. g3
Na6 27. Ke2 Nc5 28. Rh1 Ne6 29. Rh4# 1-0

[Event "Challenge"]
[Site "http://www.queenalice.com/game.php?id=156990"]
[Date "2007.1.21"]
[Round "-"]
[White "Denorwaygths"]
[Black "alisonkarina"]
[Result "1-0"]
[WhiteElo "1872"]
[BlackElo "1740"]

1. Nf3 Nf6 2. Nc3 d5 3. d4 g6 4. Bg5 Ne4 5. Qd3 Nxg5 6. Nxg5 e5 7. Nh3 e4 8.
Qb5+ c6 9. Qb3 Nd7 10. O-O-O Nb6 11. g3 Bd6 12. f3 exf3 13. exf3 O-O 14. Re1 Qf6
15. f4 Qxd4 16. Ne2 Nc4 17. Nxd4 1-0

[Event "branca"]
[Site "http://www.queenalice.com/game.php?id=158779"]
[Date "2007.1.25"]
[Round "-"]
[White "alisonkarina"]
[Black "marlon2006"]
[Result "0-1"]
[WhiteElo "1778"]
[BlackElo "1583"]

1. e4 c5 2. Nf3 Nf6 3. Bc4 Nxe4 4. O-O e6 5. d3 Nd6 6. Bb3 Be7 7. Na3 Nc6 8. Bf4
Nf5 9. c3 d5 10. Nb5 O-O 11. c4 Ncd4 12. Nfxd4 cxd4 13. cxd5 Bd6 14. Nxd6 Nxd6
15. Re1 exd5 16. Bxd5 Nf5 17. Qb3 Ne7 18. Bxb7 Rb8 19. Bxb8 Be6 20. Rxe6 fxe6
21. Qxe6+ Kh8 22. Bd6 Rf6 23. Bxe7 Rxe6 24. g3 Qxe7 25. Rc1 Qxb7 26. a3 h6 27.
b4 Qf3 28. Rc8+ Kh7 29. a4 Re1# 0-1

[Event "Challenge"]
[Site "http://www.queenalice.com/game.php?id=162355"]
[Date "2007.2.1"]
[Round "-"]
[White "Tlaloc2k"]
[Black "alisonkarina"]
[Result "0-1"]
[WhiteElo "1587"]
[BlackElo "1770"]

1. e4 c5 2. e5 Nc6 3. Nf3 Qc7 4. Qe2 f6 5. Nc3 fxe5 6. d3 Nd4 7. Nxd4 exd4 8.
Ne4 e5 9. Qf3 d5 10. Ng5 Nf6 11. Bd2 h6 12. Nh3 Qb6 13. b3 Bd6 14. Qg3 Rg8 15.
Be2 g5 16. f3 e4 17. Qf2 e3 18. Bxe3 dxe3 19. Qxe3+ Kd8 20. O-O Re8 21. Qd2 Qc7
22. g3 Bxh3 23. Rfd1 Qb6 24. c3 c4+ 25. Kh1 Qf2 26. Rg1 Rxe2 0-1

[Event "Minha vez....."]
[Site "http://www.queenalice.com/game.php?id=162582"]
[Date "2007.2.2"]
[Round "-"]
[White "marlon2006"]
[Black "alisonkarina"]
[Result "1-0"]
[WhiteElo "1582"]
[BlackElo "1779"]

1. e4 c5 2. Nf3 d6 3. Nc3 Nf6 4. Bc4 e6 5. d4 d5 6. exd5 exd5 7. Be2 Ng4 8. O-O
c4 9. Ng5 Nf6 10. Re1 Nc6 11. Bh5+ Be7 12. Nxf7 Kd7 13. Nxd8 Kxd8 14. Bf7 Bg4
15. Qd2 Rf8 16. Bxd5 Nxd5 17. Nxd5 Bd6 18. Qg5+ Kd7 19. Qxg4+ Kd8 20. Bg5+ Rf6
21. Nxf6 h6 22. Nd5+ hxg5 23. Qxg5+ Kd7 24. Qxg7+ Kd8 25. Qg8+ Kd7 26. Qxa8 Nxd4
27. Qxb7+ Kd8 28. Rad1 Nxc2 29. Re7 Bxe7 30. Qc7+ Ke8 31. Qxe7# 1-0